000 00747nam a22002177a 4500
999 _c14192
_d14192
003 AR-CdUCM
008 190410b ||||| |||| 00| 0 spa d
040 _aMUNICIPALIDAD PROVINCIAL DEL CUSCO
_cBIBLIOTECA MUNICIPAL DEL CUSCO
082 _aEP / 803 /
_bD48
100 _aDelgado, Guillermo
_932865
245 _aCuentos peruanos :
_bNarrativa contemporánea /
260 _aLima :
_bGabrielle editores,
_c1992.
300 _c16 cm.
_a115 páginas ;
440 _aMinilibros.
_932866
505 _aContenido :Lázaro -- El gran regalo -- La tos impertinente -- Amor fati -- Estoy ronca ...
650 _aCuentos
_9217
650 _aTexto educativo
_925832
700 _aIsarra Martha
_932867
942 _2ddc
_cLIBROS
945 _arum
_d2019-04-22